Pays utilisant la carte à points uniquement - Sprint de cinq minutes - Statistiques

Statistiques générales
  • Ce quiz a été pris 54 fois
  • Le résultat moyen est 85 sur 196
Réponses sur la Carte
Les réponses sont colorées sur une échelle allant du rouge au vert en fonction du pourcentage des utilisateurs qui les ont devinées à leur premier essai. Vous pouvez retrouver ces pourcentages ci-dessous.
 
Statistiques - réponses
pays % Correct
France
90%
Espagne
83%
États-Unis
83%
Islande
81%
Canada
79%
Irlande
76%
Maroc
76%
Chine
74%
Portugal
74%
Russie
74%
Allemagne
71%
Finlande
71%
Suède
71%
Estonie
69%
Royaume-Uni
69%
Algérie
67%
Lituanie
67%
Mexique
67%
Norvège
67%
Andorre
64%
Danemark
64%
Lettonie
64%
Suisse
64%
Tunisie
64%
Argentine
62%
Belgique
62%
Brésil
62%
Chili
62%
Japon
62%
Cuba
60%
Inde
60%
Honduras
57%
Italie
57%
Libye
57%
Luxembourg
57%
Uruguay
57%
Égypte
55%
Grèce
55%
Monaco
55%
Paraguay
55%
Albanie
52%
Australie
52%
Guatemala
52%
Hongrie
52%
Irak
52%
Iran
52%
Pays-Bas
52%
Pérou
52%
Pologne
52%
Slovaquie
52%
Vatican
52%
Bulgarie
50%
Haïti
50%
Malte
50%
Roumanie
50%
Salvador
50%
Slovénie
50%
Ukraine
50%
Chypre
48%
Colombie
48%
Costa Rica
48%
Équateur
48%
Indonésie
48%
Jamaïque
48%
Kosovo
48%
Liechtenstein
48%
Saint-Marin
48%
Serbie
48%
Turquie
48%
Afrique du Sud
45%
Autriche
45%
Belize
45%
Biélorussie
45%
Bolivie
45%
Israël
45%
Kenya
45%
Malaisie
45%
Mongolie
45%
Nicaragua
45%
Panama
45%
Soudan
45%
Tchèquie
45%
Yémen
45%
Bahamas
43%
Bosnie-Herzégovine
43%
Corée du Nord
43%
Corée du Sud
43%
Croatie
43%
Éthiopie
43%
Niger
43%
Nigeria
43%
Philippines
43%
Sénégal
43%
Viêt Nam
43%
Antigua-et-Barbuda
40%
Barbade
40%
Djibouti
40%
Dominique
40%
Fidji
40%
Jordanie
40%
Lesotho
40%
Liban
40%
Macédoine du Nord
40%
Mali
40%
Moldavie
40%
Oman
40%
Somalie
40%
Cambodge
38%
Congo
38%
Grenade
38%
Guinée
38%
Namibie
38%
Ouganda
38%
Rép Dém Congo
38%
Tchad
38%
Angola
36%
Bénin
36%
Bhoutan
36%
Botswana
36%
Érythrée
36%
Guyana
36%
Mauritanie
36%
Nouvelle-Zélande
36%
Qatar
36%
République Dominicaine
36%
Sainte-Lucie
36%
Soudan du Sud
36%
Venezuela
36%
Zambie
36%
Arménie
33%
Cabo Verde
33%
Cameroun
33%
Comores
33%
Gabon
33%
Kazakhstan
33%
Koweït
33%
Liberia
33%
Madagascar
33%
Maldives
33%
Monténégro
33%
Pakistan
33%
Saint-Vincent- et-les-Grenadines
33%
Sao Tomé-et-Principe
33%
Singapour
33%
Suriname
33%
Togo
33%
Zimbabwe
33%
Afghanistan
31%
Birmanie
31%
Burundi
31%
Côte d'Ivoire
31%
Eswatini
31%
Gambie
31%
Géorgie
31%
Ghana
31%
Mozambique
31%
Népal
31%
Rwanda
31%
Seychelles
31%
Syrie
31%
Tanzanie
31%
Tonga
31%
Arabie Saoudite
29%
Azerbaïdjan
29%
Bangladesh
29%
Émirats Arabes Unis
29%
Guinée-Bissau
29%
Saint-Christophe- et-Niévès
29%
Sri Lanka
29%
Taïwan
29%
Trinité-et-Tobago
29%
Brunei
26%
Kiribati
26%
Malawi
26%
Maurice
26%
Nauru
26%
Sierra Leone
26%
Tuvalu
26%
Vanuatu
26%
Guinée Équatoriale
24%
Laos
24%
Ouzbékistan
24%
Palaos
24%
République Centrafricaine
24%
Samoa
24%
Thaïlande
24%
Bahreïn
21%
Îles Marshall
21%
Îles Salomon
21%
Micronésie
21%
Papouasie- Nouvelle-Guinée
21%
Tadjikistan
21%
Timor-Leste
21%
Kirghizistan
19%
Turkménistan
19%
Burkina Faso
14%
Aucun quiz correspondant
Distribution des résultats
% des personnes avec chaque résultat
Percentile par nombre de réponses
Votre historique - résultats
Vous n’avez pas pris ce quiz